000 00600nam a2200169 i 4500
001 38743
003 ES-MaACL
005 20230906155818.0
007 t|
008 030226s1960 sp ||||1| spa d
110 2 _aCámara Oficial de la Industria de Barcelona.
_92405
245 1 3 _aEl plan de estabilización y la expansión económica /
_cCámara Oficial de la Industria (Barcelona).
260 _a[Barcelona :
_bs.n.,
_c1960] (
_fAriel)
300 _a36 p. ;
_c23 cm.
500 _aEscrito elevado al Excmo. Sr. Ministro Subsecretario de la Presidencia.
852 _aES-MaACL
_j2020-F-11
_bR.45987
999 _c38743
_d38743